000 00497nam a2200157Ia 4500
008 100204s9999 xx 000 0 und d
082 _b9085
100 _aमहाकवी कालिदास
245 _aमेघदूत
260 _b"सरिता प्रकाशन, पुणे"
_c1974 2
300 _a95
630 _aमेघदूत
700 _aदेशमुख चिंतामणी व्दा.
730 _aमेघदूत
942 _cBOOK
999 _c453521
_d453518